| 000 | 00583nam a2200121Ia 4500 | ||
|---|---|---|---|
| 008 | 171212s9999 xx 000 0 und d | ||
| 020 | _a9780833094582 | ||
| 100 | _aNarayanan, Anu;Willis, Henry H.;Fischbach, Jordan R.;Warren, Drake;Molina-Perez, Edmundo | ||
| 245 |
_cNarayanan, Anu;Willis, Henry H.;Fischbach, Jordan R.;Warren, Drake;Molina-Perez, Edmundo _aCharacterizing National Exposures to Infrastructure from Natural Disasters _bData and Methods Documentation |
||
| 260 |
_bRAND Corporation _c2016 |
||
| 650 | _aBusiness | ||
| 856 | _uhttp://jstor.org/stable/10.7249/j.ctt1d9np0q | ||
| 999 |
_c351847 _d351847 |
||